| 000 | 00355 a2200145 4500 | ||
|---|---|---|---|
| 001 | 166180 | ||
| 020 | _a | ||
| 040 | _cMagnum | ||
| 100 | _aPillar, Analice Dutra | ||
| 240 | 1 | 0 |
_aDesenho e construcao de conhecimento na crianca _lpor |
| 245 | 1 | 0 | _aDesenho e construcao de conhecimento na crianca |
| 362 | 0 | _a1899 | |
| 697 | _aPSICOLOGIA | ||
| 942 | _cBK | ||
| 999 |
_c166180 _d166180 |
||